Normal view MARC view
  • Das, Cyrus V

Entry Personal Name

Number of records used in: 1

001 - CONTROL NUMBER

  • control field: 128103

003 - CONTROL NUMBER IDENTIFIER

  • control field: NUST

005 - DATE AND TIME OF LATEST TRANSACTION

  • control field: 20250303135303.0

008 - FIXED-LENGTH DATA ELEMENTS

  • fixed length control field: 250303|| aca||aabn | a|a d

040 ## - CATALOGING SOURCE

  • Original cataloging agency: NUST
  • Transcribing agency: NUST

100 ## - HEADING--PERSONAL NAME

  • Personal name: Das, Cyrus V

670 ## - SOURCE DATA FOUND

  • Source citation: Work cat.: (NUST)0: Das, Cyrus V., Governments & crisis powers :, 1996.
© 2023 Central Library, National University of Sciences and Technology. All Rights Reserved.